Agrobacterium-mediated transformation of dendrobium broga giant orchid with chitinase / (Record no. 13372)

MARC details
000 -LEADER
fixed length control field 00632nam a22002177a 4500
003 - CONTROL NUMBER IDENTIFIER
control field BD-DhSAU
005 - DATE AND TIME OF LATEST TRANSACTION
control field 20190225135336.0
008 - FIXED-LENGTH DATA ELEMENTS--GENERAL INFORMATION
fixed length control field 160609b2016 my ||||| |||| 001 0 eng d
040 ## - CATALOGING SOURCE
Original cataloging agency BD-DhSAU
082 ## - DEWEY DECIMAL CLASSIFICATION NUMBER
Edition number 22
Classification number 581.15
Item number U18
100 ## - MAIN ENTRY--PERSONAL NAME
Personal name Uddin, Jasim
245 ## - TITLE STATEMENT
Title Agrobacterium-mediated transformation of dendrobium broga giant orchid with chitinase /
Remainder of title Ph.D. Thesis
260 ## - PUBLICATION, DISTRIBUTION, ETC. (IMPRINT)
Place of publication, distribution, etc. University Sains Malaysia :
Date of publication, distribution, etc. 2016
300 ## - PHYSICAL DESCRIPTION
Extent xiii, 255 p. :
500 ## - GENERAL NOTE
General note Ph.D thesis of University Sains Malaysia
650 ## - SUBJECT ADDED ENTRY--TOPICAL TERM
Topical term or geographic name as entry element Agribacterium
650 ## - SUBJECT ADDED ENTRY--TOPICAL TERM
Topical term or geographic name as entry element Mediated
650 ## - SUBJECT ADDED ENTRY--TOPICAL TERM
Topical term or geographic name as entry element Orchid
650 ## - SUBJECT ADDED ENTRY--TOPICAL TERM
Topical term or geographic name as entry element Gene
942 ## - ADDED ENTRY ELEMENTS (KOHA)
Source of classification or shelving scheme Dewey Decimal Classification
Koha item type PhD Thesis
Holdings
Withdrawn status Lost status Source of classification or shelving scheme Damaged status Not for loan Collection code Home library Branch Name Shelving location Date acquired Total Checkouts Full call number Barcode Date last seen Price effective from Koha item type
    Dewey Decimal Classification   Not For Loan Reference SAU Library SAU Library Reference 13/03/2016   581.15 U18 39465 09/06/2016 09/06/2016 MS Level Thesis